| 000 | 00000nam 2200000zi 4500 |
| 001 | 9.867858 |
| 003 | CaOODSP |
| 005 | 20241203113645 |
| 006 | m o d f |
| 007 | cr ||||||||||| |
| 008 | 190131s1977 bcca |o f|0| 0 eng d |
| 040 | |aCaOODSP|beng|erda|cCaOODSP |
| 043 | |an-cn-bc |
| 086 | 1 |aEn40-229/77-13E-PDF |
| 100 | 1 |aHiggs, T. W., |eauthor. |
| 245 | 10|aMunicipal wastewater toxicity program summary : |bPacific region, 1976 / |cby T.W. Higgs, P. Eng., Sigma Resource Consultants Ltd. for the Environmental Protection Branch, Environmental Protection Service, Pacific Region. |
| 264 | 1|a[Vancouver, B.C.] : |bEnvironmental Protection Service, Pacific Region, |c1977. |
| 300 | |a1 online resource (viii, 47 pages) : |billustrations. |
| 336 | |atext|btxt|2rdacontent |
| 337 | |acomputer|bc|2rdamedia |
| 338 | |aonline resource|bcr|2rdacarrier |
| 490 | 1 |aManuscript report ; |v77-13 |
| 500 | |aDigitized edition from print [produced by Environment and Climate Change Canada]. |
| 500 | |a"December 1977." |
| 504 | |aIncludes bibliographical references. |
| 520 | 3 |a"Wastewater toxicity surveys were carried out by the Environmental Protection Service during the summer of 1976 at the following locations: Annacis Island STP (77 - 3) Iona Island STP (77 - 11) Penticton WQCC (77 - 6) Mission PCC (77 - 8) Cache Creek STP (77 - 7) Clinton Sewage Lagoons (77 - 10) Williams Lake Sewage Lagoons (77 - 10) Prince George STP (77 - 12)"--Abstract. |
| 692 | 07|2gccst|aWater pollution |
| 692 | 07|2gccst|aWaste water |
| 692 | 07|2gccst|aEnvironmental impact |
| 710 | 1 |aCanada. |bEnvironment Canada. |
| 710 | 1 |aCanada. |bFisheries and Environment Canada. |
| 710 | 1 |aCanada. |bEnvironmental Protection Service. |bPacific Region. |
| 830 | #0|aRegional manuscript report (Canada. Environmental Protection Service)|v77-13|w(CaOODSP)9.867528 |
| 856 | 40|qPDF|s1.71 MB|uhttps://publications.gc.ca/collections/collection_2019/eccc/En40-229-77-13-eng.pdf |